Between Hollywood and Moscow : The Italian Communists and the Challenge of Mass Culture, 1943-1991 /
A study of the cultural policies of the Italian communist party following the collapse of fascismand the struggle with popular consumer culture that led to its demise in 1991.
| Autor principal: | |
|---|---|
| Formato: | Electrónico eBook |
| Idioma: | Inglés Italiano |
| Publicado: |
Durham [N.C.] :
Duke University Press,
2000.
|
| Colección: | Book collections on Project MUSE.
|
| Temas: | |
| Acceso en línea: | Texto completo |
MARC
| LEADER | 00000cam a22000004a 4500 | ||
|---|---|---|---|
| 001 | musev2_69833 | ||
| 003 | MdBmJHUP | ||
| 005 | 20230905051216.0 | ||
| 006 | m o d | ||
| 007 | cr||||||||nn|n | ||
| 008 | 030530s2000 ncu o 00 0 eng d | ||
| 010 | |z 00026025 | ||
| 020 | |a 9780822380344 | ||
| 020 | |z 9780822325635 | ||
| 020 | |z 9780822325307 | ||
| 035 | |a (OCoLC)1144915628 | ||
| 040 | |a MdBmJHUP |c MdBmJHUP | ||
| 041 | 1 | |a eng |h ita | |
| 100 | 1 | |a Gundle, Stephen, |d 1956- | |
| 245 | 1 | 0 | |a Between Hollywood and Moscow : |b The Italian Communists and the Challenge of Mass Culture, 1943-1991 / |c Stephen Gundle. |
| 264 | 1 | |a Durham [N.C.] : |b Duke University Press, |c 2000. | |
| 264 | 3 | |a Baltimore, Md. : |b Project MUSE, |c 2020 | |
| 264 | 4 | |c ©2000. | |
| 300 | |a 1 online resource (280 pages): |b illustrations | ||
| 336 | |a text |b txt |2 rdacontent | ||
| 337 | |a computer |b c |2 rdamedia | ||
| 338 | |a online resource |b cr |2 rdacarrier | ||
| 490 | 0 | |a American encounters/global interactions | |
| 505 | 0 | |a 1 The Pen and the Sword: Politics, Culture, and Society after the Fall of Fascism -- 2 Bread, Love, and Political Strife: Cold War Communism and the Development of Cultural Policy -- 3 What's Good for Fiat Is Good for Italy: Television, Consumerism, and Party Identity in the 1950s -- 4 From Elvis Presley to Ho Chi Minh: Youth Culture and Cultural Conflict between the Center Left and the Hot Autumn -- 5 Crisis, Austerity, Solidarity: The Question of Hegemony in the 1970s -- 6 Welcome to Prosperity: Economic Growth and the Erosion of Left-Wing Culture -- 7 The Last Tango: The Collapse of Communism and the Dissolution of the PCI. | |
| 520 | |a A study of the cultural policies of the Italian communist party following the collapse of fascismand the struggle with popular consumer culture that led to its demise in 1991. | ||
| 588 | |a Description based on print version record. | ||
| 610 | 2 | 7 | |a Partito comunista italiano. |2 fast |0 (OCoLC)fst00529448 |
| 610 | 2 | 0 | |a Partito comunista italiano. |
| 650 | 7 | |a Popular culture. |2 fast |0 (OCoLC)fst01071344 | |
| 650 | 7 | |a Communism and culture. |2 fast |0 (OCoLC)fst00870489 | |
| 650 | 7 | |a POLITICAL SCIENCE |x Political Ideologies |x Communism, Post-Communism & Socialism. |2 bisacsh | |
| 650 | 6 | |a Culture populaire |z Italie. | |
| 650 | 6 | |a Communisme et culture |z Italie. | |
| 650 | 0 | |a Popular culture |z Italy. | |
| 650 | 0 | |a Communism and culture |z Italy. | |
| 651 | 7 | |a Italy. |2 fast |0 (OCoLC)fst01204565 | |
| 655 | 7 | |a Electronic books. |2 local | |
| 710 | 2 | |a Project Muse. |e distributor | |
| 830 | 0 | |a Book collections on Project MUSE. | |
| 856 | 4 | 0 | |z Texto completo |u https://projectmuse.uam.elogim.com/book/69833/ |
| 945 | |a Project MUSE - Custom Collection | ||


